Programové vyhlásenie vlády SR, apríl 1994

Bibliographic Details
Format: Article
Language:Slovak
Subjects:

MARC

LEADER 00000nab a2200000 a 4500
001 vtls000514305
003 SK-MaSNL
005 20260303003513.0
008 120928c1994 xo 0 slo
015 |a SNBRB19rr/mm-uuuuu 
035 |a CL0514443 
040 |a SNKBUCL  |b slo  |c SNKBUCL  |e AACR2 
041 0 |a slo 
044 |a xo  |c SK 
080 |a 328.1(437.6)  |2 1981 
245 0 0 |a Programové vyhlásenie vlády SR, apríl 1994 
650 0 7 |a vláda Slovenskej republiky  |2 snkbucl  |9 898250 
650 0 7 |a Programové vyhlásenie vlády SR  |2 snkbucl  |9 978524 
655 7 |a články z novín a časopisov  |2 snkbucl  |9 267496 
773 0 |t Práca  |g Roč. 49, č. 85 (14. 4. 1994), s. 8-10 
850 |a Slovenská národná knižnica v Martine  |a MTA001 
852 |a SNK  |b KIS3GCP 
958 |a RK 
992 |a RBX 
999 |c 1573043  |d 1574973